Catalog

Record Details

Catalog Search



Hledání podstaty křesťanství v české reformaci  Cover Image Book Book

Hledání podstaty křesťanství v české reformaci / F. M. Bartoš

Record details

  • Physical Description: 15 s.
  • Publisher: Praha F. M. Bartoš 1939

Available copies

  • 1 of 1 copy available at Common Catalog SPOK.

Holds

  • 0 current holds with 1 total copy.
Show Only Available Copies
Location Call Number / Copy Notes Barcode Shelving Location Status Due Date
ETS Library 284.3 424470002668 Volný výběr Available -

LDR 00622nam a2 00217
00138170
003CZ-PrJAB
00520030506000000.0
008030506s1939 xr e |||| |cze
009cz
035 . ‡a(CONS)3705
035 . ‡aKPS4179
041 . ‡acze
08214. ‡a284.3
100 . ‡75547 ‡aBartoš, František M.
245 . ‡aHledání podstaty křesťanství v české reformaci / ‡cF. M. Bartoš
260 . ‡aPraha ‡bF. M. Bartoš ‡c1939
300 . ‡a15 s.
653 . ‡aHledání podstaty křesťanství v české reformaci
8524 . ‡bETS ‡bETS ‡cVolný výběr ‡j284.3 ‡gA ‡p424470002668
910 . ‡aABG450
999 . ‡a3705 ‡bAUTOGEN ‡c3705 ‡tbiblio
905 . ‡uadmin
901 . ‡a38170 ‡b ‡c38170 ‡tbiblio ‡sets

Additional Resources